<?xml version="1.0" encoding="UTF-8"?>
<record
    xmlns:xsi="http://www.w3.org/2001/XMLSchema-instance"
    xsi:schemaLocation="http://www.loc.gov/MARC21/slim http://www.loc.gov/standards/marcxml/schema/MARC21slim.xsd"
    xmlns="http://www.loc.gov/MARC21/slim">

  <leader>01222nam0a2200313   4500</leader>
  <controlfield tag="001">RU\NLR\b_ik\177284</controlfield>
  <controlfield tag="005">20250616230617.0</controlfield>
  <datafield tag="035" ind1=" " ind2=" ">
    <subfield code="a">(NLR Aleph) 002249892</subfield>
  </datafield>
  <datafield tag="090" ind1=" " ind2=" ">
    <subfield code="a">3673919</subfield>
    <subfield code="c">3673919</subfield>
  </datafield>
  <datafield tag="100" ind1=" " ind2=" ">
    <subfield code="a">20090410d2008    |||y0rusy50      ca</subfield>
  </datafield>
  <datafield tag="101" ind1="0" ind2=" ">
    <subfield code="a">eng</subfield>
    <subfield code="d">rus</subfield>
  </datafield>
  <datafield tag="102" ind1=" " ind2=" ">
    <subfield code="a">RU</subfield>
  </datafield>
  <datafield tag="105" ind1=" " ind2=" ">
    <subfield code="a">a   |||||||||</subfield>
  </datafield>
  <datafield tag="200" ind1="1" ind2=" ">
    <subfield code="a">On the question about energy of 3.5 eV state of 229Th</subfield>
    <subfield code="f">S.L. Sakharov</subfield>
  </datafield>
  <datafield tag="210" ind1=" " ind2=" ">
    <subfield code="a">Gatchina</subfield>
    <subfield code="c">&#x41F;&#x418;&#x42F;&#x424;</subfield>
    <subfield code="d">2008</subfield>
  </datafield>
  <datafield tag="215" ind1=" " ind2=" ">
    <subfield code="a">11 &#x441;.</subfield>
    <subfield code="c">&#x438;&#x43B;.</subfield>
    <subfield code="d">20</subfield>
  </datafield>
  <datafield tag="225" ind1="1" ind2=" ">
    <subfield code="a">Preprint</subfield>
    <subfield code="f">Russ. acad. of sciences, Petersburg nuclear physics inst.</subfield>
    <subfield code="v">2788. &#x41F;&#x418;&#x42F;&#x424;-2008</subfield>
  </datafield>
  <datafield tag="300" ind1=" " ind2=" ">
    <subfield code="a">&#x41D;&#x430; &#x43E;&#x431;&#x43E;&#x440;&#x43E;&#x442;&#x435; &#x442;&#x438;&#x442;. &#x43B;.: &#x41A; &#x432;&#x43E;&#x43F;&#x440;&#x43E;&#x441;&#x443; &#x43E;&#x431; &#x44D;&#x43D;&#x435;&#x440;&#x433;&#x438;&#x438; &#x443;&#x440;&#x43E;&#x432;&#x43D;&#x44F; 3,5 &#x44D;&#x412; &#x432; 229Th</subfield>
  </datafield>
  <datafield tag="300" ind1=" " ind2=" ">
    <subfield code="a">&#x41D;&#x430; &#x43E;&#x431;&#x43B;. &#x43D;&#x430;&#x434;&#x437;&#x430;&#x433;. &#x43D;&#x430; &#x440;&#x443;&#x441;. &#x44F;&#x437;.</subfield>
  </datafield>
  <datafield tag="300" ind1=" " ind2=" ">
    <subfield code="a">&#x420;&#x435;&#x437;. &#x43D;&#x430; &#x440;&#x443;&#x441;. &#x44F;&#x437;.</subfield>
  </datafield>
  <datafield tag="320" ind1=" " ind2=" ">
    <subfield code="a">&#x411;&#x438;&#x431;&#x43B;&#x438;&#x43E;&#x433;&#x440;.: &#x441;. 11 (12 &#x43D;&#x430;&#x437;&#x432;.)</subfield>
  </datafield>
  <datafield tag="517" ind1="0" ind2=" ">
    <subfield code="a">&#x41A; &#x432;&#x43E;&#x43F;&#x440;&#x43E;&#x441;&#x443; &#x43E;&#x431; &#x44D;&#x43D;&#x435;&#x440;&#x433;&#x438;&#x438; &#x443;&#x440;&#x43E;&#x432;&#x43D;&#x44F; 3,5 &#x44D;&#x412; &#x432; 229Th</subfield>
  </datafield>
  <datafield tag="606" ind1="1" ind2=" ">
    <subfield code="a">&#x422;&#x43E;&#x440;&#x438;&#x439;</subfield>
    <subfield code="x">&#x418;&#x437;&#x43E;&#x442;&#x43E;&#x43F;&#x44B;</subfield>
    <subfield code="x">&#x42D;&#x43D;&#x435;&#x440;&#x433;&#x435;&#x442;&#x438;&#x447;&#x435;&#x441;&#x43A;&#x438;&#x435; &#x443;&#x440;&#x43E;&#x432;&#x43D;&#x438;</subfield>
    <subfield code="9">2212890</subfield>
    <subfield code="3">RU\NLR\AUTH\661329236</subfield>
  </datafield>
  <datafield tag="686" ind1="1" ind2=" ">
    <subfield code="a">&#x412;383.2-3</subfield>
  </datafield>
  <datafield tag="700" ind1=" " ind2="1">
    <subfield code="a">Sacharov</subfield>
    <subfield code="b">S. L.</subfield>
    <subfield code="g">Sergej L'vovi&#x10D;</subfield>
    <subfield code="4">070</subfield>
  </datafield>
  <datafield tag="801" ind1=" " ind2="0">
    <subfield code="a">RU</subfield>
    <subfield code="b">NLR</subfield>
    <subfield code="c">20090410</subfield>
    <subfield code="g">RCR</subfield>
  </datafield>
  <datafield tag="942" ind1=" " ind2=" ">
    <subfield code="c">BOOK</subfield>
  </datafield>
  <datafield tag="980" ind1=" " ind2=" ">
    <subfield code="a">NB</subfield>
  </datafield>
  <datafield tag="995" ind1=" " ind2=" ">
    <subfield code="5">2009-04-10</subfield>
    <subfield code="a">ad</subfield>
    <subfield code="b">NLR01</subfield>
    <subfield code="c">NLR01</subfield>
    <subfield code="e">IF</subfield>
    <subfield code="f">1084372</subfield>
    <subfield code="k">&#x418;&#x43A; 2009-4/47</subfield>
    <subfield code="o">0</subfield>
    <subfield code="r">BOOK</subfield>
    <subfield code="s">_2009447</subfield>
    <subfield code="u"> ;  </subfield>
  </datafield>
</record>
